Lore Twenty One Pilots - La Symbolique - Statistiques

Statistiques générales
  • Ce quiz a été pris 13 fois
  • Le résultat moyen est 7 sur 11
Statistiques - réponses
Question Réponse % Correct
Que cri un Bandito en danger ? Sahlo Folina
100%
Quelle couleur les Bishops ne voient-ils pas ? Le jaune
90%
De quoi ont besoin les Bishops pour contrôler des êtres à distance ? Des cornes de NED
80%
Lequel de ces éléments N'est PAS lié au vialism ? Les fleurs jaunes
70%
Quel objet ont pu gagner certains fans pendant la sortie de 'Level of Concern' ? (cela s'est fait après une longue chasse au trésor ainsi qu'un live interminable) Une clé USB
70%
Où est l'Est selon les Banditos ? En haut (up)
60%
Comment s'appelle le procédé qu'utilisent les Bishops pour contrôler une personne en appliquant de la peinture noire sur le cou ? Smearing
60%
Question BONUS : qu'est-ce qu'une fan a volé pendant le 'Clancy World Tour' (girl i really don’t think you should take that…) Un fût de batterie
60%
FPE peut vouloir dire plusieurs choses. Qu'est ce que cela NE signifie PAS ? Fan Program Excursions
50%
Que NE représente PAS la couleur rouge ? Clancy
30%
Qui est Nicolas Bourbaki ? Une société secrète de mathématiciens français
10%
Aucun quiz correspondant
Distribution des résultats
% des personnes avec chaque résultat
Percentile par nombre de réponses
Votre historique - résultats
Vous n’avez pas pris ce quiz